000 00695nam a2200241Ia 4500
001 3030
003 GE_BSU
008 181216s||||||||xx |||||||||||||| ||und||
020 _a5851730285
040 _cGE_BSU
080 _a330.101(075.8)
100 _aПротас В.Ф.
245 _aМикроэкономика:структурно-логические схемы
245 _bУчебное пособие для вузов
245 _cгл. ред. изд-ва Н. Д. Эриашвили
260 _aМосква
260 _bЮНИТИ
260 _c1996
300 _a168 с. 20 см.
541 _h4 л. 85 т.
653 _aМикроэкономика
942 _cBK
999 _c37076
_d37076